সমকালীন পাশ্চাত্য দর্শন / (Record no. 38429)
[ view plain ]
| 000 -LEADER | |
|---|---|
| fixed length control field | 00869nam a22002297a 4500 |
| 001 - CONTROL NUMBER | |
| control field | 38429 |
| 003 - CONTROL NUMBER IDENTIFIER | |
| rucl marc code | BD-RjUL |
| 005 - DATE AND TIME OF LATEST TRANSACTION | |
| control field | 20211209052809.0 |
| 008 - FIXED-LENGTH DATA ELEMENTS--GENERAL INFORMATION | |
| fixed length control field | 151201s1982 bg ||||| |||| 00| 0 ben d |
| 035 ## - SYSTEM CONTROL NUMBER | |
| System control number | (BD-RjUL)38534 |
| 040 ## - CATALOGING SOURCE | |
| Original cataloging agency | BD-RjUL |
| Language of cataloging | ben |
| Transcribing agency | BD-RjUL |
| 041 ## - LANGUAGE CODE | |
| Language code of text/sound track or separate title | ben |
| 082 ## - DEWEY DECIMAL CLASSIFICATION NUMBER | |
| Edition number | 22 |
| Classification number | 190 |
| Author mark and year | ISS 1982 |
| 100 ## - MAIN ENTRY--PERSONAL NAME | |
| Personal name | ইসলাম, আমিনুল |
| 9 (RLIN) | 118700 |
| 245 ## - TITLE STATEMENT | |
| Title | সমকালীন পাশ্চাত্য দর্শন / |
| Statement of responsibility, etc. | আমিনুল ইসলাম |
| 260 ## - PUBLICATION, DISTRIBUTION, ETC. (IMPRINT) | |
| Place of publication, distribution, etc. | ঢাকা : |
| Name of publisher, distributor, etc. | বাংলা একাডেমী, |
| Date of publication, distribution, etc. | ১৯৮২ |
| 300 ## - PHYSICAL DESCRIPTION | |
| Pagination | [ষোল], ৫১৪ পৃ. ; |
| Size | ২২ সেমি. |
| 504 ## - BIBLIOGRAPHY, ETC. NOTE | |
| Bibliography, etc | বিবলিওগ্রাফি ও ইনডেক্স আছে. |
| 650 ## - SUBJECT ADDED ENTRY--TOPICAL TERM | |
| Topical term or geographic name as entry element | দর্শন, পাশ্চাত্য |
| 9 (RLIN) | 118701 |
| Topical term or geographic name as entry element | Philosophy, European |
| 9 (RLIN) | 118702 |
| 942 ## - ADDED ENTRY ELEMENTS (KOHA) | |
| Source of classification or shelving scheme | Dewey Decimal Classification |
| Koha item type | Books |
| Lost status | Source of classification or shelving scheme | Damaged status | Not for loan | Collection code | Permanent Location | Current Location | Shelving location | Date acquired | Source of acquisition | Cost, normal purchase price | Total Checkouts | Full call number | Date last seen | Date checked out | Copy number | Koha item type | Total Renewals |
|---|---|---|---|---|---|---|---|---|---|---|---|---|---|---|---|---|---|
| Dewey Decimal Classification | Non-fiction | Central Library, University of Rajshahi | Central Library, University of Rajshahi | 08/08/1983 | Aligarh Library, Rajshahi | 65.00 | 3 | B 190 AMS 1982 | 27/02/2025 | 23/02/2025 | C-8 | Books | |||||
| Dewey Decimal Classification | Non-fiction | Central Library, University of Rajshahi | Central Library, University of Rajshahi | 02/09/1984 | Empire Books, Rajshahi | 65.00 | 9 | B 190 ISS 1982 | 31/03/2026 | 23/02/2026 | C-2 | Books | 1 | ||||
| Dewey Decimal Classification | Non-fiction | Central Library, University of Rajshahi | Central Library, University of Rajshahi | 02/09/1984 | Empire Books, Rajshahi | 65.00 | 4 | B 190 ISS 1982 | 21/04/2026 | 09/04/2026 | C-3 | Books | |||||
| Dewey Decimal Classification | Non-fiction | Central Library, University of Rajshahi | Central Library, University of Rajshahi | 02/09/1984 | Aligarh Library, Rajshahi | 66.00 | 9 | B 190 ISS 1982 | 28/03/2024 | 24/03/2024 | C-1 | Books | |||||
| Dewey Decimal Classification | Non-fiction | Central Library, University of Rajshahi | Central Library, University of Rajshahi | 02/09/1984 | Aligarh Library, Rajshahi | 66.00 | 5 | B 190 ISS 1982 | 15/12/2016 | 26/11/2016 | C-5 | Books | |||||
| Dewey Decimal Classification | Non-fiction | Central Library, University of Rajshahi | Central Library, University of Rajshahi | 08/08/1983 | Aligarh Library, Rajshahi | 65.00 | 7 | B 190 ISS 1982 | 17/12/2017 | 22/11/2017 | C-6 | Books | |||||
| Dewey Decimal Classification | Non-fiction | Central Library, University of Rajshahi | Central Library, University of Rajshahi | 08/08/1983 | Aligarh Library, Rajshahi | 65.00 | 12 | B 190 ISS 1982 | 03/12/2018 | 15/11/2018 | C-7 | Books | 2 | ||||
| Dewey Decimal Classification | Non-fiction | Central Library, University of Rajshahi | Central Library, University of Rajshahi | 03/01/1985 | Bangla Academy, Dhaka | 65.00 | 2 | B 190 ISS 1982 | 12/03/2025 | 19/02/2025 | C-9 | Books |